[Event "EU-ch Rapid-30'"]
[Site "Cap d`Agde"]
[Date "1996.??.??"]
[Round "?"]
[White "Lautier, Joel"]
[Black "Smirin, Ilia"]
[Result "1/2-1/2"]
[WhiteElo "2620"]
[BlackElo "2625"]

1.d4 Nf6 2.c4 g6 3.Nc3 Bg7 4.e4 d6 5.f4 O-O 6.Nf3 c5 7.d5 e6 8.Be2 exd5 9.cxd5 Bg4
10.O-O Nbd7 11.Re1 Re8 12.h3 Bxf3 13.Bxf3 Qa5 14.Be3 b5 15.a3 b4 16.axb4 Qxb4
17.Qc2 Nb6 18.Bf2 Nfd7 19.Re2 Bd4 20.Kh1 Bxf2 21.Rxf2 c4 22.Re2 a5 23.Bg4 Nf6
24.Qd2 Nxg4 25.hxg4 Nd7 26.Qd4 Qc5 27.Rd1 Rab8 28.Qxc5 Nxc5 29.Rd4 Nd3 30.Rxc4 Nxf4
31.Rd2 g5 32.Rc6 Red8 33.Ra6 Ng6 34.Rxa5 Ne5 35.Rb5 Nxg4 36.g3 Ra8 37.Kg2 Ra1
38.Kf3 Ne5+ 39.Kf2 h5 40.Rd1 Raa8 41.Rh1 Ng4+ 42.Kf3 Nf6 43.Re1 Rab8 44.Ra1 Kg7
45.Ra6 Ng4 46.Kg2 Rxb5 47.Nxb5 Rb8 48.Nxd6 Rxb2+ 49.Kg1 Rb1+ 50.Kg2 Rb2+
51.Kg1 Rb1+  1/2-1/2

[Event "EU-ch Rapid-30'"]
[Site "Cap d`Agde"]
[Date "1996.??.??"]
[Round "?"]
[White "Lautier, Joel"]
[Black "Smirin, Ilia"]
[Result "1/2-1/2"]
[WhiteElo "2620"]
[BlackElo "2625"]

1.d4 Nf6 2.c4 c5 3.d5 b5 4.cxb5 a6 5.f3 axb5 6.e4 Qa5+ 7.b4 Qxb4+ 8.Bd2 Qa4
9.Qc1 b4 10.Qxc5 Na6 11.Bxa6 e6 12.d6 Bxa6 13.Bxb4 Rc8 14.Nc3 Qc2 15.Qa5 Bxd6
16.Bxd6 Qxc3+ 17.Qxc3 Rxc3 18.Rb1 Kd8 19.Ne2 Bxe2 20.Kxe2 Ne8 21.e5 Nxd6
22.exd6 Rc8 23.Rhc1 h5 24.h4 Rh6 25.Rxc8+ Kxc8 26.Rb5 Rg6 27.Kf2 e5 28.Rc5+ Kd8
29.Rd5 Re6 30.Ke3 f5 31.a4 Kc8 32.Rc5+ Kb8 33.a5 g6 34.Rb5+ Ka7 35.Rb6 e4
36.f4 Re8 37.Rb5 Re6 38.Rb6 Re8 39.Rb5 Re6 40.Rb6 Re8 41.Rb5  1/2-1/2

[Event "EU-ch Rapid-30'"]
[Site "Cap d`Agde"]
[Date "1996.??.??"]
[Round "?"]
[White "Hansen, Curt"]
[Black "Smirin, Ilia"]
[Result "0-1"]
[WhiteElo "2595"]
[BlackElo "2625"]

1.e4 c5 2.Nc3 Nc6 3.g3 g6 4.Bg2 Bg7 5.d3 e5 6.Be3 d6 7.Qd2 Nge7 8.Nge2 O-O
9.O-O Nd4 10.f4 Bg4 11.Rae1 Qd7 12.Nc1 Rac8 13.Nd1 Bh3 14.f5 Bxg2 15.Qxg2 gxf5
16.c3 fxe4 17.cxd4 cxd4 18.dxe4 dxe3 19.Nxe3 Bh6 20.Nd3 Bxe3+ 21.Rxe3 f5
22.Qh3 Qb5 23.Ref3 Kh8 24.Qh6 Qb6+ 25.Kg2 d5 26.Qxb6 axb6 27.Nxe5 dxe4 28.Rb3 Rf6
29.Nd7 Rd6 30.Nxb6 Rc2+ 31.Rf2 Rc1 32.Rb5 Rdd1 33.Na4 Nd5 34.Nc3 Ne3+ 35.Kh3 Rd6
36.Kh4 Rg6 37.Rd2 Rh1 38.Rxb7 Rg8 39.Rf7 Nf1 40.Re2 Rg4+ 41.Kh3 Rxg3+ 42.Kh4 Rg4+
43.Kh3 Rg5 44.Kh4 h6 45.Nxe4 fxe4 46.Ref2 Rxh2+ 47.Rxh2 Nxh2 48.Re7 Nf3+
49.Kh3 Ne5 50.b4 e3 51.Rc7 e2 52.Rc1 Nd3  0-1

[Event "EU-ch Rapid-30'"]
[Site "Cap d`Agde"]
[Date "1996.??.??"]
[Round "?"]
[White "Karpov, Anatoly"]
[Black "Smirin, Ilia"]
[Result "1-0"]
[WhiteElo "2775"]
[BlackElo "2625"]

1.Nf3 Nf6 2.c4 g6 3.g3 Bg7 4.Bg2 O-O 5.O-O d6 6.d4 Nc6 7.Nc3 a6 8.Re1 Rb8
9.Rb1 Na5 10.Qa4 c5 11.dxc5 Bd7 12.Qc2 dxc5 13.Bf4 Rc8 14.Ne5 Be6 15.Rbd1 Qe8
16.Nd5 Bxd5 17.cxd5 Nh5 18.Bh3 Nxf4 19.gxf4 e6 20.dxe6 fxe6 21.Rd6 Rf6 22.Red1 Kh8
23.Qe4 Nc6 24.Nxc6 bxc6 25.Bxe6 Rf8 26.b3 Rb8 27.e3 g5 28.f5 Rb4 29.Qf3 Be5
30.Rd8 Qxd8 31.Rxd8 Rxd8 32.f6 Rf8 33.f7 Rh4 34.h3 Kg7 35.Qxc6 h5 36.Qxc5 Bf6
37.Kg2 g4 38.hxg4 hxg4 39.b4 Rfh8 40.Qc7 Kf8 41.a4 g3 42.Qd6+  1-0

[Event "Koop Tjuchem op"]
[Site "Groningen"]
[Date "1996.??.??"]
[Round "1"]
[White "Smirin, Ilia"]
[Black "Grabuzova, Tatiana"]
[Result "1-0"]
[WhiteElo "2625"]
[BlackElo "2310"]

1.c4 e5 2.Nc3 Nf6 3.Nf3 Nc6 4.d4 exd4 5.Nxd4 Nxd4 6.Qxd4 b6 7.Bg5 Be7 8.Bxf6 gxf6
9.Qe4 c6 10.O-O-O Bb7 11.g3 Qc7 12.Bg2 Qe5 13.f4 Qe6 14.Qd3 O-O-O 15.Be4 Ba6
16.Qc2 Bxc4 17.Kb1 h6 18.Nd5 Bxd5 19.Bxd5 Qe3 20.Bxf7 Bc5 21.Bh5 Kc7 22.Rd3 Qe6
23.Bf3 f5 24.Rhd1 Rhe8 25.a3 Bf8 26.Rd5 Kb8 27.Rxf5 Bg7 28.e4 Re7 29.g4 Rf7
30.e5 Bf8 31.Bxc6  1-0

[Event "Koop Tjuchem op"]
[Site "Groningen"]
[Date "1996.??.??"]
[Round "2"]
[White "Jaracz, Pawel"]
[Black "Smirin, Ilia"]
[Result "1-0"]
[WhiteElo "2395"]
[BlackElo "2625"]

1.e4 c5 2.Nf3 d6 3.d4 cxd4 4.Nxd4 Nf6 5.Nc3 a6 6.Bc4 e6 7.Bb3 b5 8.O-O Be7
9.Qf3 Qb6 10.Bg5 Nbd7 11.Rad1 Bb7 12.Rfe1 Nc5 13.Qg3 O-O-O 14.Be3 g5 15.Bxe6+ fxe6
16.Nxe6 Rd7 17.b4 Bxe4 18.bxc5 dxc5 19.Rxd7 Nxd7 20.Bxg5 Bd6 21.Bf4 Bxf4
22.Nxf4 Bb7 23.Nfd5 Qa5 24.Re6 b4 25.Rb6 Qxb6 26.Nxb6+ Nxb6 27.Qe5  1-0

[Event "Koop Tjuchem op"]
[Site "Groningen"]
[Date "1996.??.??"]
[Round "4"]
[White "Sukharisingh, Ralf"]
[Black "Smirin, Ilia"]
[Result "0-1"]
[WhiteElo "2400"]
[BlackElo "2625"]

1.Nf3 Nf6 2.c4 g6 3.b3 Bg7 4.Bb2 O-O 5.e3 d6 6.d4 e5 7.dxe5 Nfd7 8.Be2 dxe5
9.Nc3 Na6 10.Qd2 Ndc5 11.O-O-O Qe8 12.Ba3 e4 13.Nd4 Qe5 14.Qc2 Re8 15.h4 h5
16.Nd5 c6 17.Nf4 Nd3+ 18.Bxd3 Qa5 19.Bb2 exd3 20.Nxd3 Qxa2 21.Ne2 Bf5 22.Bc3 Qxc2+
23.Kxc2 Nc5 24.Nc1 Bf8 25.b4 Ne4 26.Be1 Rad8 27.Nb3 b6 28.f3 Nd6 29.e4 Nxc4
30.Bf2 Bc8 31.Nd4 Bb7 32.Kb3 Nd6 33.Rc1 Nb5 34.Nxb5 Rxd3+ 35.Rc3 Rd2 36.Be1 Rxg2  0-1

[Event "Koop Tjuchem op"]
[Site "Groningen"]
[Date "1996.??.??"]
[Round "5"]
[White "Smirin, Ilia"]
[Black "Avrukh, Boris"]
[Result "1-0"]
[WhiteElo "2625"]
[BlackElo "2500"]

1.c4 Nf6 2.Nc3 e5 3.Nf3 Nc6 4.g3 Bb4 5.Bg2 O-O 6.O-O e4 7.Ng5 Bxc3 8.bxc3 Re8
9.f3 exf3 10.Nxf3 d5 11.d4 Ne4 12.Qc2 dxc4 13.Rb1 f5 14.g4 g6 15.Bf4 Be6
16.Rxb7 Bd5 17.gxf5 Nxd4 18.cxd4 Bxb7 19.fxg6 hxg6 20.Ne5 g5 21.Be3 Qd5 22.Rf5 Rad8
23.Rxg5+ Kh7 24.Nxc4 Qe6 25.Ne5  1-0

[Event "Koop Tjuchem op"]
[Site "Groningen"]
[Date "1996.??.??"]
[Round "6"]
[White "Meins, Gerlef"]
[Black "Smirin, Ilia"]
[Result "1-0"]
[WhiteElo "2465"]
[BlackElo "2625"]

1.d4 Nf6 2.c4 g6 3.Nc3 Bg7 4.e4 d6 5.Be2 O-O 6.Bg5 Na6 7.f4 c6 8.Nf3 Nc7
9.Qd2 d5 10.Bxf6 exf6 11.exd5 cxd5 12.c5 Bf5 13.O-O Be4 14.b4 Ne6 15.Rad1 a6
16.Nxe4 dxe4 17.d5 exf3 18.Bxf3 Nc7 19.d6 Rb8 20.dxc7 Qxc7 21.Qd6 Rfc8 22.Rfe1 Bf8
23.Qxf6 Bg7 24.Qd6 Bf8 25.Qxc7 Rxc7 26.a3 a5 27.Rb1 axb4 28.axb4 Rd7 29.Red1 Rbd8
30.Rxd7 Rxd7 31.Kf2 Bg7 32.Rb3 Kf8 33.Ke2 Bf6 34.Rd3 Rxd3 35.Kxd3 b6 36.cxb6 Bd8
37.b7 Bc7 38.g3 Ke7 39.Kd4 h6 40.Be4 Bb8 41.Kd5 Kd7 42.b5 Bc7 43.b6 Bb8 44.Bd3 Ke7
45.h4 Kd7 46.Bb5+ Ke7 47.Be2 f6 48.h5 g5 49.Ke4 gxf4 50.g4 Ke6 51.Bc4+ Kd6
52.Kf5 Kc6 53.Kg6 f5 54.gxf5 Kxb7 55.f6 Kxb6 56.Kxh6 Kc5 57.Be2  1-0

[Event "Koop Tjuchem op"]
[Site "Groningen"]
[Date "1996.??.??"]
[Round "8"]
[White "Kupreichik, Viktor D"]
[Black "Smirin, Ilia"]
[Result "1/2-1/2"]
[WhiteElo "2510"]
[BlackElo "2625"]

1.e4 c5 2.Nc3 Nc6 3.Nf3 d6 4.d4 cxd4 5.Nxd4 Nf6 6.f4 e5 7.Nf3 Be7 8.Bc4 Qb6
9.f5 O-O 10.Bb3 a5 11.a4 Nb4 12.Bg5 d5 13.Bxf6 Bxf6 14.Nxd5 Nxd5 15.Qxd5 g6
16.O-O-O gxf5 17.Rhe1 Be6 18.Qd6 Qxd6 19.Rxd6 fxe4 20.Rxe4 Bxb3 21.cxb3 Bg7
22.g4 f5 23.gxf5 Rxf5 24.Nd2 Raf8 25.b4  1/2-1/2

[Event "Koop Tjuchem op"]
[Site "Groningen"]
[Date "1996.??.??"]
[Round "9"]
[White "Smirin, Ilia"]
[Black "Kempinski, Robert"]
[Result "1-0"]
[WhiteElo "2625"]
[BlackElo "2510"]

1.e4 c5 2.c3 d6 3.d4 Nf6 4.Bd3 g6 5.Nf3 Bg7 6.h3 O-O 7.O-O cxd4 8.cxd4 Nc6
9.Nc3 e5 10.dxe5 dxe5 11.Be3 Be6 12.Bb5 Qa5 13.Bxc6 bxc6 14.Qc2 h6 15.Na4 Nd7
16.Rfd1 Rfc8 17.Nd2 c5 18.Nc4 Bxc4 19.Qxc4 Nb6 20.Nxb6 axb6 21.Rd6 Qb4 22.Qxb4 cxb4
23.Rxb6 Bf8 24.Rb7 Rc2 25.b3 f5 26.Rd1 Rcxa2 27.Rdd7 f4 28.Ba7 Rb2 29.Rb6 Rxb3
30.Bb8 Bg7 31.Rxg6 Rxb8 32.Rgxg7+ Kh8 33.Rh7+ Kg8 34.Rdg7+ Kf8 35.Ra7 Kg8
36.Rxh6 Rb1+ 37.Kh2 Rf1 38.Rg6+ Kh8 39.Re7 b3 40.Rxe5 Kh7 41.Rg4 Kh6 42.Re6+ Kh7
43.Re7+ Kh6 44.Rh4+ Kg5 45.Rhh7 b2 46.Re6 Rg8 47.f3  1-0

[Event "Ischia"]
[Site "Ischia"]
[Date "1996.??.??"]
[Round "1"]
[White "Smirin, Ilia"]
[Black "Gofshtein, Leonid D"]
[Result "0-1"]
[WhiteElo "2615"]
[BlackElo "2540"]

1.e4 g6 2.d4 Bg7 3.Nc3 d6 4.Be3 c6 5.Qd2 b5 6.f3 Nd7 7.h4 Ngf6 8.g4 h5 9.g5 Nh7
10.Nge2 b4 11.Nd1 Rb8 12.Nf2 c5 13.f4 Qc7 14.O-O-O Nb6 15.Ng3 Na4 16.f5 c4
17.Qe1 b3 18.axb3 Rxb3 19.e5 Rxb2 20.f6 c3 21.Rd3 Qb7 22.Rxc3 Rb1+ 23.Kd2 Nxc3
24.fxg7 Rg8  0-1

[Event "Ischia"]
[Site "Ischia"]
[Date "1996.??.??"]
[Round "2"]
[White "Tseitlin, Mark D"]
[Black "Smirin, Ilia"]
[Result "1/2-1/2"]
[WhiteElo "2545"]
[BlackElo "2615"]

1.d4 g6 2.c4 Bg7 3.Nc3 d6 4.e4 Nf6 5.Nf3 O-O 6.Be2 e5 7.dxe5 dxe5 8.Qxd8 Rxd8
9.Bg5 Re8 10.Nd5 Nxd5 11.cxd5 c6 12.Bc4 cxd5 13.Bxd5 Na6 14.a3 Nc7 15.Bc4 Be6  1/2-1/2

[Event "Ischia"]
[Site "Ischia"]
[Date "1996.??.??"]
[Round "3"]
[White "Smirin, Ilia"]
[Black "Khalifman, Alexander"]
[Result "1/2-1/2"]
[WhiteElo "2615"]
[BlackElo "2650"]

1.e4 c5 2.Nf3 d6 3.d4 cxd4 4.Nxd4 Nf6 5.Nc3 Nc6 6.Bc4 Qb6 7.Nb3 e6 8.Bf4 Ne5
9.Be2 Bd7 10.O-O Be7 11.Be3 Qc7 12.Nd2 O-O 13.f4 Ng6 14.Kh1 Bc6 15.Qe1 d5
16.e5 Ne4 17.Ncxe4 dxe4 18.Nb3 Nh4 19.Bg4 Nf5 20.Bxf5 exf5 21.Nd4 Bd7 22.Rd1 Bc5
23.Rf2 Bxd4 24.Rxd4 Be6 25.Rfd2 Qa5 26.a3 Rac8 27.Qd1 h6 28.h3 Qb6 29.Qc1 Qb3
30.Bg1 Qg3 31.Re2 Qh4 32.Be3 b6 33.Kh2 Rc7 34.Rf2 Kh7 35.Qd1 Rfc8  1/2-1/2

[Event "Ischia"]
[Site "Ischia"]
[Date "1996.??.??"]
[Round "4"]
[White "Smirin, Ilia"]
[Black "Khenkin, Igor"]
[Result "1/2-1/2"]
[WhiteElo "2615"]
[BlackElo "2575"]

1.e4 c6 2.d4 d5 3.e5 c5 4.dxc5 Nc6 5.Bb5 e6 6.Qg4 Qa5+ 7.Nc3 h5 8.Bxc6+ bxc6
9.Qa4 Qc7 10.Be3 Rb8 11.O-O-O Nh6 12.f4 Nf5 13.Bf2 a5 14.Nge2 Rb4 15.Qa3 Qa7
16.Na4 Ba6 17.Nd4 Bb5 18.Nb6 Bxc5 19.Nc8 Qc7 20.Nxf5 Bxf2 21.Ncd6+ Kd7 22.Nxb5 cxb5
23.Qf3 Qb6 24.Kb1 exf5 25.Qxd5+ Kc7 26.Qxf7+ Kb8 27.e6 Bd4 28.b3 Qc6 29.Qxf5 Qc3
30.Rxd4 Rxd4 31.e7 Rd2 32.Qxb5+ Kc7 33.Rc1 Qe3 34.Qxa5+ Kd7 35.Qg5 Re8 36.Qxh5 Rxe7
37.g3 Qe2 38.Qa5 Rd1 39.Rxd1+ Qxd1+ 40.Kb2 Qd6 41.Qb5+ Ke6 42.Qc4+ Qd5 43.Qc8+ Kf7
44.Qc3 Re4 45.a4 Qd4 46.Qxd4 Rxd4 47.Kc3 Rd1 48.Kb4 Ke6 49.Kc5 Rd5+ 50.Kb6 Rd2
51.a5 Kd7 52.b4 Rxc2 53.a6 Rc6+ 54.Kb5 Rc7 55.Kb6 Rc6+  1/2-1/2

[Event "Ischia"]
[Site "Ischia"]
[Date "1996.??.??"]
[Round "5"]
[White "Godena, Michele"]
[Black "Smirin, Ilia"]
[Result "1/2-1/2"]
[WhiteElo "2485"]
[BlackElo "2615"]

1.e4 c5 2.c3 d6 3.d4 Nf6 4.Bd3 cxd4 5.cxd4 e5 6.Nf3 Bg4 7.Qa4+ Nfd7 8.Nbd2 Nc6
9.h3 Bxf3 10.Nxf3 exd4 11.Bb5 Be7 12.Bxc6 bxc6 13.Nxd4 Bf6 14.O-O O-O 15.Nxc6 Qe8
16.Na5 Nc5 17.Qxe8 Rfxe8 18.f3 Nd3 19.Rd1 Nxc1 20.Raxc1 Bxb2 21.Rc6 Be5 22.Nc4 Bg3
23.Nxd6 Red8 24.Rd5 g6 25.Nb5 Rab8 26.a4 a6 27.Nc3 Rxd5 28.exd5 Rb2 29.Kf1 Rf2+
30.Kg1 Rd2 31.Kf1 Rf2+ 32.Kg1 Rd2  1/2-1/2

[Event "Ischia"]
[Site "Ischia"]
[Date "1996.??.??"]
[Round "6"]
[White "Smirin, Ilia"]
[Black "Sadler, Matthew"]
[Result "0-1"]
[WhiteElo "2615"]
[BlackElo "2600"]

1.e4 c5 2.Nf3 d6 3.d4 cxd4 4.Nxd4 Nf6 5.Nc3 a6 6.Be3 e5 7.Nf3 Be7 8.Bc4 O-O
9.O-O Be6 10.Bb3 b5 11.Qe2 h6 12.Rfd1 Nbd7 13.Nh4 b4 14.Na4 Nxe4 15.Bxe6 fxe6
16.Ng6 Rf6 17.Qg4 d5 18.f3 Ng5 19.Bxg5 hxg5 20.Qxg5 Bd6 21.c4 Qe8 22.Nh4 e4
23.fxe4 Bf4 24.Qg4 Ne5 25.Qe2 Qxa4 26.g3 Bg5 27.exd5 Bxh4 28.Qxe5 Qc2 29.Kh1 Bxg3
30.Qxg3 Rg6 31.Qf3 Rf8 32.Rac1 Qxb2 33.Qh3 Rh6 34.Qg3 Rf2 35.h3 Rg6 36.Qb8+ Kh7
37.Rg1 e5  0-1

[Event "Ischia"]
[Site "Ischia"]
[Date "1996.??.??"]
[Round "7"]
[White "Romanishin, Oleg M"]
[Black "Smirin, Ilia"]
[Result "1/2-1/2"]
[WhiteElo "2590"]
[BlackElo "2615"]

1.d4 Nf6 2.Nf3 g6 3.c4 Bg7 4.Nc3 O-O 5.g3 d6 6.Bg2 Nc6 7.O-O a6 8.b3 Rb8
9.Nd5 Nh5 10.Bb2 e6 11.Nc3 b5 12.cxb5 axb5 13.Rc1 b4 14.Nb1 Na7 15.Ne1 Nb5
16.Qd2 Bb7 17.Rc4 Bxg2 18.Nxg2 c5 19.dxc5 dxc5 20.Qxd8 Rfxd8 21.Bxg7 Kxg7
22.Rxc5 Nd4 23.e3 Nf3+ 24.Kh1 Nf6 25.Nf4 Nd2 26.Nxd2 Rxd2 27.Ra5 Rc8 28.Kg1 Rcc2
29.Ra7 Kg8 30.Ra8+ Kg7 31.Ra7 Kg8 32.Ra8+  1/2-1/2

[Event "Ischia"]
[Site "Ischia"]
[Date "1996.??.??"]
[Round "9"]
[White "Ftacnik, Lubomir"]
[Black "Smirin, Ilia"]
[Result "1/2-1/2"]
[WhiteElo "2585"]
[BlackElo "2615"]

1.d4 Nf6 2.Nf3 c5 3.c3 e6 4.Bf4 Qb6 5.Qb3 Nc6 6.e3 d5 7.Nbd2 Bd7 8.Be2 Qxb3
9.axb3 Nh5 10.Bc7 Rc8 11.Ne5 Rxc7 12.Nxd7 cxd4 13.Nxf8 dxc3 14.Nxe6 cxd2+
15.Kxd2 fxe6 16.Bxh5+ Ke7 17.Be2 Rf8 18.f3 Nb4 19.Bd3 a6 20.Rac1 Rxc1 21.Rxc1 Kd6
22.h4 h6 23.f4 g5 24.fxg5 hxg5 25.h5 Rf2+ 26.Be2 Rxg2 27.Rh1 Rf2 28.h6 Rf8
29.h7 Rh8 30.Rh6 Nc6 31.Bg4 Nd8 32.Kd3 Ke7 33.e4 dxe4+ 34.Kxe4 Kf7 35.Ke5 Kg7
36.Rh5 Kg6 37.Rh2 Rxh7 38.Rxh7 Kxh7 39.Kd6 Kg6  1/2-1/2

[Event "ISR-chT"]
[Site "Israel"]
[Date "1996.??.??"]
[Round "2"]
[White "Smirin, Ilia"]
[Black "Mikhalevski, Victor"]
[Result "1-0"]
[WhiteElo "2615"]
[BlackElo "2495"]

1.c4 Nf6 2.Nc3 d5 3.cxd5 Nxd5 4.g3 g6 5.Bg2 Nb6 6.d3 Bg7 7.Nf3 Nc6 8.O-O O-O
9.Bd2 h6 10.Qc1 Kh7 11.Ne4 e5 12.b4 Bg4 13.Re1 Bxf3 14.Bxf3 Nd4 15.Bg2 c6
16.Rb1 Rc8 17.Nc5 Rc7 18.e3 Nb5 19.Bh3 Nd6 20.a4 Re7 21.e4 f5 22.Qc2 fxe4
23.dxe4 Nbc4 24.Rbd1 Qe8 25.Bc3 Qf7 26.Ba1 b6 27.Nd3 h5 28.Qa2 a5 29.Qc2 axb4
30.Nxb4 Rc7 31.Rd3 Nb7 32.Na6 Re7 33.Red1 b5 34.Rd7 Ra8 35.Nc7 Rxa4 36.Ne6 Rxa1
37.Ng5+ Kg8 38.Nxf7 Rxd7 39.Rxa1 Rd4 40.Qc3 Kxf7 41.Ra7  1-0

[Event "ISR-chT"]
[Site "Israel"]
[Date "1996.??.??"]
[Round "5"]
[White "Peker, Oleg"]
[Black "Smirin, Ilia"]
[Result "0-1"]
[WhiteElo "2275"]
[BlackElo "2615"]

1.d4 Nf6 2.c4 g6 3.Nc3 Bg7 4.e4 d6 5.Be2 O-O 6.Nf3 e5 7.O-O Nc6 8.d5 Ne7
9.Nd2 c5 10.Rb1 Ne8 11.b4 b6 12.bxc5 bxc5 13.Nb3 f5 14.Bg5 Kh8 15.exf5 gxf5
16.f4 Qd7 17.Bh5 e4 18.Qd2 Ng6 19.Bxg6 hxg6 20.Nd1 Qa4 21.Ne3 Ba6 22.Rfc1 Nf6
23.Qa5 Qxa5 24.Nxa5 Rf7 25.Nc6 Nh7 26.Be7 Bd4 27.Kf2 Nf6 28.h3 Ne8 29.Rb3 Bc8
30.Bg5 Bd7 31.Rb7 Rg7 32.Ne7 Bc8 33.Rb3 Ba6 34.Nc6 Rb7 35.Rxb7 Bxb7 36.Na5 Ba6
37.Rb1 Kg7 38.Rb3 Kf7 39.Ke2 Nf6 40.Bh4 Nh5 41.g3 Rh8 42.Ng2 Ke8 43.Rb8+ Kd7
44.Rxh8 Bxh8 45.g4 Bc3 46.gxh5 Bxa5 47.hxg6 Bxc4+ 48.Kf2 Bxd5 49.Ne3 Bxa2
50.Nxf5 Bc3 51.Ng3 Bd4+ 52.Ke1 e3 53.f5 Bb1 54.Ke2 a5 55.Nh5 Bxf5 56.g7 Be6
57.Nf6+ Kc6 58.g8=Q Bxg8 59.Nxg8 a4 60.Ne7+ Kb5 61.Nf5 a3 62.Nxe3 Bxe3 63.Kxe3 d5
64.Kd2 a2  0-1

[Event "ISR-chT"]
[Site "Israel"]
[Date "1996.??.??"]
[Round "7"]
[White "Har Zvi, Ronen"]
[Black "Smirin, Ilia"]
[Result "1/2-1/2"]
[WhiteElo "2510"]
[BlackElo "2615"]

1.d4 Nf6 2.c4 c5 3.d5 g6 4.Nc3 Bg7 5.e4 d6 6.Nf3 O-O 7.h3 e6 8.Bd3 Na6 9.O-O e5
10.Bg5 h6 11.Be3 Nh5 12.Re1 Bd7 13.a3 Be8 14.Qd2 g5 15.Ne2 Bd7 16.Ng3 Nf4
17.Nf5 Qf6 18.Nh2 h5 19.h4 Bxf5 20.exf5 g4 21.Be4 Bh6 22.g3 Nh3+ 23.Kg2 Bxe3
24.Rxe3 Kh8 25.Nf1 Nb8 26.Ree1 Nd7 27.Qe3 a6 28.Nd2 Qg7 29.Bd3 Nf6 30.Ne4 Nxe4
31.Qxe4 Qf6 32.b4 b6 33.Rab1 Rfe8 34.bxc5 bxc5 35.Rb7 Kg7 36.Reb1 Qh6 37.R1b2 Kf8
38.Qe3 Qxe3 39.fxe3 e4 40.Bc2 Kg7 41.Ba4 Red8 42.Bd7 Kf6 43.R2b6 Ke5 44.a4 a5
45.Bb5 Kxf5 46.Rxf7+ Kg6 47.Rfb7 Kf6 48.Rh7 Rab8 49.Rc6 Rbc8 50.Rb6 Rb8 51.Rc6 Rbc8
52.Rb6  1/2-1/2

[Event "ISR-chT"]
[Site "Israel"]
[Date "1996.??.??"]
[Round "8"]
[White "Smirin, Ilia"]
[Black "Bruk, Ofer"]
[Result "1-0"]
[WhiteElo "2615"]
[BlackElo "2430"]

1.e4 c5 2.Nf3 Nf6 3.e5 Nd5 4.Nc3 e6 5.Ne4 Nc6 6.c4 Nb6 7.d4 cxd4 8.c5 Nd5
9.Bg5 Qc7 10.Nd6+ Bxd6 11.cxd6 Qb6 12.Qd2 Qb4 13.Qxb4 Ndxb4 14.Kd2 b6 15.a3 Nd5
16.Bc4 Bb7 17.Bxd5 exd5 18.b4 O-O 19.Rhe1 Rfe8 20.Bf4 Rac8 21.Rab1 Nd8 22.Nxd4 Rc4
23.Be3 Rxe5 24.Nf3 Re6 25.Ng5 Re8 26.Bxb6 Ne6 27.Nxe6 fxe6 28.Bxa7 Ra8 29.Bc5 Rxa3
30.Ra1 Rcc3 31.Rxe6 Rd3+ 32.Ke2 Ba6 33.Re8+ Kf7 34.Re7+ Kg6 35.Rxa3 Rxa3+
36.Ke1 Bb5 37.Bd4 Kf5 38.f3 h5 39.Rxg7 Rb3 40.Rf7+ Kg5 41.h4+ Kg6 42.Rf6+ Kh7
43.Rf5  1-0

[Event "ISR-chT"]
[Site "Israel"]
[Date "1996.??.??"]
[Round "9"]
[White "Porper, Eduard"]
[Black "Smirin, Ilia"]
[Result "0-1"]
[WhiteElo "2425"]
[BlackElo "2615"]

1.d4 Nf6 2.c4 c5 3.d5 g6 4.Nc3 Bg7 5.e4 O-O 6.Nf3 e6 7.Bd3 d6 8.O-O Na6 9.h3 Nc7
10.a4 e5 11.Bg5 h6 12.Be3 Nh5 13.Qd2 Kh7 14.a5 Na6 15.g4 Qf6 16.Kg2 Nf4+
17.Bxf4 exf4 18.Rfe1 Re8 19.Bc2 Kg8 20.Ba4 Rf8 21.e5 dxe5 22.Nxe5 h5 23.f3 Nb4
24.Re2 Qg5 25.Ne4 Qxe5 26.Nxc5 Qg5 27.Qxb4 hxg4 28.hxg4 Bxg4 29.Ne4 Bxf3+
30.Kxf3 Qh5+ 31.Kf2 Bd4+ 32.Ke1 Qh1+ 33.Kd2 Qxa1 34.Re1 Qxb2+ 35.Qxb2 Bxb2
36.Rb1 Bd4 37.Kd3 f5 38.Ng5 Bf6 39.Ne6 Rf7 40.Nxf4 g5 41.Ne6 Rh7 42.c5 Rh3+
43.Ke2 Ra3 44.Bd7 Kf7 45.Rh1 Rxa5 46.d6 g4 47.Rh7+ Kg6 48.Rh1 Be5 49.Nc7 Rb8
50.Be8+ Rxe8 51.Nxe8 Ra2+ 52.Ke3 Ra3+ 53.Ke2 f4 54.d7 f3+ 55.Kd2 Bf4+ 56.Kc2 Bg5
57.Rh8 f2 58.Rg8+ Kf7 59.Rxg5 f1=Q 60.Nd6+ Ke6 61.Rg6+ Kxd7  0-1

[Event "ISR-chT"]
[Site "Israel"]
[Date "1996.??.??"]
[Round "10"]
[White "Smirin, Ilia"]
[Black "Huzman, Alexander"]
[Result "1/2-1/2"]
[WhiteElo "2615"]
[BlackElo "2570"]

1.e4 e6 2.d4 d5 3.Nc3 Nf6 4.e5 Nfd7 5.f4 c5 6.Nf3 Nc6 7.Be3 cxd4 8.Nxd4 Bc5
9.Qd2 Bxd4 10.Bxd4 Nxd4 11.Qxd4 Qb6 12.Nb5 Qxd4 13.Nxd4 Nc5 14.Bd3 Bd7 15.Kd2 h5
16.Rae1 Ke7 17.g3 Rag8 18.h4 Rc8 19.Rhf1 g6 20.Rd1  1/2-1/2

[Event "ISR-chT"]
[Site "Israel"]
[Date "1996.??.??"]
[Round "11"]
[White "Zak, Uriel"]
[Black "Smirin, Ilia"]
[Result "0-1"]
[WhiteElo "2405"]
[BlackElo "2615"]

1.e4 d6 2.d4 Nf6 3.Nc3 g6 4.Be2 Bg7 5.Nf3 O-O 6.O-O Nc6 7.Be3 e5 8.dxe5 dxe5
9.Qxd8 Rxd8 10.Rad1 Bg4 11.Rxd8+ Nxd8 12.Rd1 Ne6 13.Nxe5 Bxe2 14.Nxe2 Nxe4
15.Nd3 Rd8 16.f3 N4c5 17.Nf2 Re8 18.b3 Na6 19.Nd3 Rd8 20.Re1 c5 21.Nef4 Nd4
22.Bxd4 Bxd4+ 23.Kf1 Kf8 24.Re4 b5 25.Ne2 Bg7 26.a4 f5 27.Re6 bxa4 28.bxa4 Nb4
29.Ne5 Rd1+ 30.Kf2 Rd2 31.Nd3 Nxc2 32.Nf4 Kf7 33.Ra6 Bd4+ 34.Kg3 g5 35.Nxd4 gxf4+
36.Kxf4 Rxd4+ 37.Kxf5 Rd7 38.Kg5 Ne1 39.Rh6 Kg7 40.Rh4 Rd5+ 41.Kg4 Rd4+ 42.Kg3 Rxh4
43.Kxh4 Nxg2+  0-1

[Event "Tel Aviv Cup rapid"]
[Site "Tel Aviv"]
[Date "1996.??.??"]
[Round "2"]
[White "Smirin, Ilia"]
[Black "Avrukh, Boris"]
[Result "0-1"]
[WhiteElo "2615"]
[BlackElo "2495"]

1.e4 c5 2.Nf3 Nc6 3.d4 cxd4 4.Nxd4 Nf6 5.Nc3 d6 6.f4 e6 7.Be2 Be7 8.O-O O-O
9.Kh1 a6 10.a4 Qc7 11.Be3 Re8 12.Bf3 Rb8 13.Qd2 Bd7 14.Nb3 b6 15.g4 Bc8 16.g5 Nd7
17.Bg2 Na5 18.Qf2 Nc4 19.Bc1 Bd8 20.Nd4 Bb7 21.b3 Na5 22.Bb2 Nc6 23.Nde2 Nb4
24.Ng3 g6 25.f5 Ne5 26.Qd2 Rc8 27.Rac1 Qc5 28.Nd1 a5 29.Bd4 Qc7 30.Ne3 exf5
31.exf5 Bxg2+ 32.Qxg2 Qc6 33.Bxe5 Qxg2+ 34.Kxg2 Rxe5 35.Ng4 Rec5 36.c4 d5
37.fxg6 hxg6 38.Nf6+ Kg7 39.Rfe1  0-1

[Event "Tel Aviv Cup rapid"]
[Site "Tel Aviv"]
[Date "1996.??.??"]
[Round "2"]
[White "Smirin, Ilia"]
[Black "Avrukh, Boris"]
[Result "1-0"]
[WhiteElo "2615"]
[BlackElo "2495"]

1.c4 Nf6 2.Nc3 g6 3.g3 Bg7 4.Bg2 O-O 5.Nf3 d6 6.O-O Nc6 7.d3 e5 8.Rb1 a5
9.a3 Bf5 10.Bg5 Qd7 11.Bxf6 Bxf6 12.b4 axb4 13.axb4 Ne7 14.b5 c6 15.Nd2 Bg7
16.Qb3 Ra7 17.Ra1 Rfa8 18.Rxa7 Rxa7 19.Rb1 Ra8 20.bxc6 bxc6 21.Qb7 Qxb7 22.Rxb7 Kf8
23.h4 Bc8 24.Rb6 Ra1+ 25.Kh2 f5 26.Rb8 e4 27.Ndxe4 fxe4 28.Nxe4 Be5 29.d4 d5
30.dxe5 dxe4 31.Bh3 Ra5 32.Bxc8 Rxe5 33.Bg4+ Kf7 34.e3 Ra5 35.Kg2 Ra4 36.Bd1 Ra2
37.c5 Kg7 38.Rb7 Kf6 39.Rb4 Ke5 40.Bb3 Rd2 41.Rb8 Rb2 42.Re8 Kf6 43.Rf8+ Ke5
44.Re8 Kf6  1-0

[Event "Tel Aviv Cup rapid"]
[Site "Tel Aviv"]
[Date "1996.??.??"]
[Round "2"]
[White "Avrukh, Boris"]
[Black "Smirin, Ilia"]
[Result "0-1"]
[WhiteElo "2495"]
[BlackElo "2615"]

1.d4 Nf6 2.c4 g6 3.Nc3 Bg7 4.e4 d6 5.h3 O-O 6.Bg5 Qe8 7.Bd3 e5 8.d5 Nh5 9.Nge2 f5
10.Qd2 Na6 11.O-O-O Nc5 12.Bc2 fxe4 13.Be3 Nf4 14.Bxc5 Nd3+ 15.Bxd3 exd3
16.Qxd3 dxc5 17.Qe3 b6 18.Ng3 Ba6 19.Qe2 e4 20.Rhe1 Bxc3 21.bxc3 Qa4 22.Nxe4 Bxc4
23.Qc2 Qxa2 24.Qxa2 Bxa2 25.g4 h6 26.h4 Bb3 27.Rd2 Kg7 28.Kb2 Ba4 29.d6 cxd6
30.Nxd6 Rf4 31.g5 Rxh4 32.Re7+ Kf8 33.Rde2 hxg5 34.Rb7 Kg8 35.Re6 Rh6 36.Ree7 Rf8
37.Rg7+ Kh8 38.Rxa7 Bc6  0-1

[Event "Tel Aviv Cup rapid"]
[Site "Tel Aviv"]
[Date "1996.??.??"]
[Round "2"]
[White "Avrukh, Boris"]
[Black "Smirin, Ilia"]
[Result "1-0"]
[WhiteElo "2495"]
[BlackElo "2615"]

1.d4 Nf6 2.c4 g6 3.Nc3 Bg7 4.e4 d6 5.Be2 O-O 6.Bg5 Na6 7.Qd2 e5 8.d5 c6 9.Bd3 Nc5
10.Bc2 cxd5 11.cxd5 a5 12.Nge2 Bd7 13.O-O b5 14.f3 b4 15.Nd1 Qb6 16.Be3 Rfc8
17.Nf2 Bb5 18.Rfd1 Qa6 19.Nc1 Na4 20.Bb3 Nc5 21.Bc2 Na4 22.Nfd3 Nb6 23.b3 Nfxd5
24.exd5 e4 25.a4 Bd7 26.Nxb4 axb4 27.Ra2 Rc3 28.fxe4 Re8 29.Bd3 Qa5 30.Rf1 f5
31.Qf2 Nc8 32.Bd4 Bxd4 33.Qxd4 Ne7 34.Bc4 fxe4 35.Ne2 Nf5 36.Qf2 Re3 37.Nd4 Qc5
38.Ne2 Rf8 39.a5 Rf7 40.a6 Bc8 41.Nf4 Nh6 42.a7 Rxf4  1-0

[Event "Tel Aviv Cup rapid"]
[Site "Tel Aviv"]
[Date "1996.??.??"]
[Round "3"]
[White "Soffer, Ram"]
[Black "Smirin, Ilia"]
[Result "0-1"]
[WhiteElo "2530"]
[BlackElo "2615"]

1.c4 g6 2.Nc3 Bg7 3.d4 Nf6 4.e4 d6 5.Nf3 O-O 6.Be2 e5 7.O-O Nc6 8.d5 Ne7
9.b4 Nh5 10.g3 f5 11.Ng5 Nf6 12.f3 c6 13.Kg2 Kh8 14.Be3 f4 15.Bf2 Neg8 16.Qd3 fxg3
17.hxg3 Nh5 18.Nh3 Bxh3+ 19.Kxh3 Qg5 20.Qe3 Qf6 21.Be1 Bh6 22.Qf2 g5 23.Kg2 Qg6
24.g4 Nf4+ 25.Kh2 Bg7 26.Qg3 Nf6 27.Rh1 cxd5 28.cxd5 Rac8 29.Bf1 h5 30.Kg1 Kg8
31.gxh5 N4xh5  0-1